[Event "Titled Tuesday intern op 11th Mar Late"]
[Site "Chess.com INT"]
[Date "2025.03.11"]
[Round "10"]
[White "Guimaraes, Diogo Duarte"]
[Black "Manteiga, Franco"]
[Result "1/2-1/2"]
[WhiteElo "2285"]
[BlackElo "2019"]
[PlyCount "121"]
[EventDate "2025.03.11"]
[EventType "swiss (blitz)"]
[EventRounds "11"]
[EventCountry "USA"]
[SourceTitle "CB12_2025"]
[SourceDate "2025.03.19"]
[SourceVersion "1"]
[SourceVersionDate "2025.03.19"]
[SourceQuality "1"]

1. e4 c5 2. Nf3 Nc6 3. c3 d5 4. exd5 Qxd5 5. d4 Nf6 6. Be3 cxd4 7. Nxd4 Nxd4 8. Qxd4 Qxd4 9. Bxd4 e6 10. Bxf6 gxf6 11. Bb5+ Bd7 12. Bxd7+ Kxd7 13. Nd2 Be7 14. 0-0-0 Kc7 15. Nf3 Rhg8 16. g3 Rad8 17. Nd4 a6 18. Rhe1 f5 19. f4 Bf6 20. Nf3 Rxd1+ 21. Kxd1 Rd8+ 22. Kc2 Kc6 23. Ne5+ Bxe5 24. Rxe5 Rd5 25. Rxd5 Kxd5 26. Kd3 f6 27. c4+ Kc5 28. Kc3 a5 29. b3 e5 30. a3 b6 31. b4+ axb4+ 32. axb4+ Kc6 33. Kb3 h5 34. Kc3 Kd6 35. Kd3 Kc6 36. Ke3 b5 37. c5 Kd5 38. Kf2 e4 39. Ke3 Kc6 40. Kd4 Kc7 41. Ke3 Kc6 42. h3 Kd5 43. Kf2 Kc6 44. Ke2 Kd5 45. Ke3 Kc6 46. g4 fxg4 47. hxg4 hxg4 48. Kxe4 f5+ 49. Kd4 Kc7 50. Ke3 Kc6 51. Kd4 Kc7 52. Kd3 Kc6 53. Ke2 Kd5 54. Kf2 Kc6 55. Kg3 Kd5 56. Kh4 Kc6 57. Kg3 Kd5 58. Kg2 Kc6 59. Kf2 Kd5 60. Ke3 Kc6 61. Kd4 1/2-1/2

[Event "Titled Tuesday intern op 11th Mar Late"]
[Site "Chess.com INT"]
[Date "2025.03.11"]
[Round "9"]
[White "Manteiga, Franco"]
[Black "Thake, Conrad"]
[Result "1-0"]
[WhiteElo "2019"]
[BlackElo "1846"]
[PlyCount "81"]
[EventDate "2025.03.11"]
[EventType "swiss (blitz)"]
[EventRounds "11"]
[EventCountry "USA"]
[SourceTitle "CB12_2025"]
[SourceDate "2025.03.19"]
[SourceVersion "1"]
[SourceVersionDate "2025.03.19"]
[SourceQuality "1"]

1. d4 d5 2. c4 c6 3. Nc3 Nf6 4. Nf3 e6 5. e3 Nbd7 6. Bd3 dxc4 7. Bxc4 b5 8. Bd3 Bb7 9. 0-0 Be7 10. Qe2 a6 11. Rd1 0-0 12. Bd2 c5 13. Rac1 cxd4 14. Nxd4 Nc5 15. Bc2 Nce4 16. Nxe4 Nxe4 17. Be1 Qb6 18. f3 Nf6 19. Bf2 Rfd8 20. Bb1 Rac8 21. Nb3 Rxc1 22. Rxc1 Rc8 23. e4 Rxc1+ 24. Nxc1 Qc6 25. Nb3 Qc7 26. g3 Nd7 27. Qc2 Qxc2 28. Bxc2 Kf8 29. Kf1 Ke8 30. Ke2 e5 31. Be3 f6 32. g4 Kd8 33. Bd3 Kc7 34. h4 Kc6 35. Na5+ Kc7 36. Nxb7 Kxb7 37. Bc2 Kc6 38. Bb3 Nc5 39. Bg8 h6 40. b3 a5 41. Bd5+ 1-0

[Event "Montevideo op 8th"]
[Site "Montevideo"]
[Date "2025.02.08"]
[Round "9"]
[White "Manteiga, Franco"]
[Black "De los Reyes, Mauro"]
[Result "1-0"]
[WhiteElo "2029"]
[BlackElo "1849"]
[PlyCount "135"]
[EventDate "2025.01.31"]
[EventType "swiss"]
[EventRounds "9"]
[EventCountry "URU"]
[SourceTitle "CB08_2025"]
[SourceDate "2025.02.19"]
[SourceVersion "1"]
[SourceVersionDate "2025.02.19"]
[SourceQuality "1"]

1. d4 c5 2. d5 e5 3. e4 d6 4. Nc3 Be7 5. Nf3 Bg4 6. Be2 Bxf3 7. Bxf3 Bg5 8. 0-0 Bxc1 9. Qxc1 Ne7 10. Nd1 0-0 11. Ne3 Nd7 12. Nc4 Nf6 13. a4 Ng6 14. g3 h5 15. h4 Ng4 16. Bxg4 hxg4 17. Qd1 Qd7 18. Ne3 Ne7 19. c4 Rad8 20. f4 gxf3 21. Qxf3 Qh3 22. Qg2 Qxg2+ 23. Kxg2 f6 24. Rf2 g6 25. Raf1 Kg7 26. g4 Rf7 27. Kg3 Rdf8 28. h5 g5 29. Kf3 a6 30. a5 Kh6 31. Ke2 Kg7 32. Kd3 Rb8 33. Kc3 b5 34. axb6 Rxb6 35. b3 Ng8 36. Nf5+ Kh7 37. Rb2 Nh6 38. Nxh6 Kxh6 39. Ra1 Rfb7 40. Ra4 Rb8 41. Ra3 Kg7 42. Kc2 Kh6 43. Kb1 Kg7 44. Ka2 Kh6 45. Ra4 Ra8 46. Ra5 Rb4 47. Kb1 Rb6 48. Kc2 Rab8 49. Kc3 Kg7 50. Rb1 Kh6 51. Ra2 Kg7 52. Ra3 Kh6 53. Rba1 Ra8 54. Ra4 Rab8 55. R1a3 Ra8 56. b4 cxb4+ 57. Rxb4 Rxb4 58. Kxb4 Rb8+ 59. Kc3 Rb1 60. Rxa6 Rg1 61. Rxd6 Rxg4 62. c5 Rxe4 63. c6 Re1 64. Kd2 Re4 65. c7 Rc4 66. Rc6 Rd4+ 67. Ke3 Rxd5 68. c8Q 1-0

[Event "Titled Tuesday intern op 04th Feb Early"]
[Site "Chess.com INT"]
[Date "2025.02.04"]
[Round "9"]
[White "Manteiga, Franco"]
[Black "Clawitter, Craig"]
[Result "1-0"]
[WhiteElo "2029"]
[BlackElo "2050"]
[PlyCount "47"]
[EventDate "2025.02.04"]
[EventType "swiss (blitz)"]
[EventRounds "11"]
[EventCountry "USA"]
[SourceTitle "CB07_2025"]
[SourceDate "2025.02.12"]
[SourceVersion "1"]
[SourceVersionDate "2025.02.12"]
[SourceQuality "1"]

1. d4 e6 2. c4 Nf6 3. Nc3 d5 4. Nf3 dxc4 5. e3 c5 6. Bxc4 Nc6 7. 0-0 cxd4 8. exd4 Be7 9. Be3 0-0 10. Qe2 a6 11. a3 b5 12. Ba2 Bb7 13. Rad1 Qc7 14. Rfe1 Rac8 15. Bb1 Rfd8 16. Bg5 b4 17. axb4 Nxb4 18. Ne5 Nc6 19. Nxf7 Kxf7 20. Qxe6+ Kf8 21. Ba2 Nd5 22. Nxd5 Rxd5 23. Bxd5 Bxg5 24. Qg8# 1-0

[Event "Titled Tuesday intern op 28th Jan Early"]
[Site "Chess.com INT"]
[Date "2025.01.28"]
[Round "8"]
[White "Manteiga, Franco"]
[Black "Ortez, Andrea"]
[Result "0-1"]
[WhiteElo "2029"]
[BlackElo "1930"]
[PlyCount "46"]
[EventDate "2025.01.28"]
[EventType "swiss (blitz)"]
[EventRounds "11"]
[EventCountry "USA"]
[SourceTitle "CB06_2025"]
[SourceDate "2025.02.05"]
[SourceVersion "1"]
[SourceVersionDate "2025.02.05"]
[SourceQuality "1"]

1. d4 d5 2. c4 e6 3. Nc3 Nf6 4. Nf3 Be7 5. Bg5 0-0 6. e3 h6 7. Bh4 Ne4 8. Bxe7 Qxe7 9. Qc2 Nxc3 10. Qxc3 dxc4 11. Bxc4 b6 12. 0-0 Bb7 13. Be2 c5 14. dxc5 Rc8 15. Rac1 Rxc5 16. Qa3 Nd7 17. Rxc5 Nxc5 18. Rc1 Qf6 19. b4 Ne4 20. Qb3 Rd8 21. a4 Qg6 22. Rd1 Nd2 23. Qc2 Qxc2 0-1

[Event "Titled Tuesday intern op 28th Jan Early"]
[Site "Chess.com INT"]
[Date "2025.01.28"]
[Round "7"]
[White "Thorhallsson, Simon"]
[Black "Manteiga, Franco"]
[Result "1-0"]
[WhiteElo "2223"]
[BlackElo "2029"]
[PlyCount "67"]
[EventDate "2025.01.28"]
[EventType "swiss (blitz)"]
[EventRounds "11"]
[EventCountry "USA"]
[SourceTitle "CB06_2025"]
[SourceDate "2025.02.05"]
[SourceVersion "1"]
[SourceVersionDate "2025.02.05"]
[SourceQuality "1"]

1. d4 Nf6 2. Nf3 e6 3. Bf4 c5 4. e3 Qb6 5. Nc3 Nh5 6. Bg3 Nxg3 7. hxg3 Nc6 8. Na4 Qa5+ 9. c3 cxd4 10. exd4 Be7 11. a3 Qd5 12. c4 Qe4+ 13. Be2 d6 14. Kf1 Bd7 15. Nc3 Qg6 16. d5 Ne5 17. Nxe5 dxe5 18. d6 Bd8 19. Bh5 Qf5 20. Bg4 Qg6 21. Bf3 0-0 22. Ne4 Qf5 23. g4 Qg6 24. Nc5 f5 25. Nxd7 fxg4 26. Nxf8 Kxf8 27. Bxg4 Bb6 28. Qf3+ Kg8 29. Bh5 Qg5 30. Bf7+ Kh8 31. Qe4 h6 32. Rd1 Qf6 33. Qf3 Qg5 34. Rh5 1-0

[Event "Titled Tuesday intern op 14th Jan Early"]
[Site "Chess.com INT"]
[Date "2025.01.14"]
[Round "1"]
[White "Melaa, Sondre Lillestol"]
[Black "Manteiga, Franco"]
[Result "0-1"]
[WhiteElo "2329"]
[BlackElo "2029"]
[PlyCount "166"]
[EventDate "2025.01.14"]
[EventType "swiss (blitz)"]
[EventRounds "11"]
[EventCountry "USA"]
[SourceTitle "CB04_2025"]
[SourceDate "2025.01.22"]
[SourceVersion "1"]
[SourceVersionDate "2025.01.22"]
[SourceQuality "1"]

1. d4 Nf6 2. Bf4 c5 3. d5 Qb6 4. Nc3 g6 5. e4 Nxe4 6. Nxe4 Qb4+ 7. Qd2 Qxe4+ 8. Be2 Bg7 9. 0-0-0 0-0 10. Nf3 d6 11. h4 Bg4 12. Ng5 Qxe2 13. Qxe2 Bxe2 14. Rde1 Bc4 15. Rd1 Nd7 16. b3 Ba6 17. h5 Nf6 18. h6 Bh8 19. c4 Ng4 20. Bg3 Bf6 21. Ne4 Rad8 22. f3 Ne5 23. f4 Nd7 24. Rde1 b5 25. cxb5 Bxb5 26. Kc2 Bd4 27. a4 Ba6 28. Ng5 Rfe8 29. Bh4 Nf6 30. Nf3 Bb7 31. Nxd4 cxd4 32. Kd3 Bxd5 33. b4 Bb3 34. a5 Ng4 35. Kxd4 Be6 36. Rc1 Rc8 37. b5 Nf6 38. b6 axb6 39. axb6 Rb8 40. Rb1 Rec8 41. Bf2 Rc4+ 42. Ke3 Rc6 43. Kd3 Kf8 44. Kd2 Ke8 45. Rhc1 Kd7 46. Rxc6 Kxc6 47. Rc1+ Kd7 48. Kd3 Nd5 49. Rb1 Kc6 50. g3 Nxb6 51. Rc1+ Kd7 52. Rb1 Kc7 53. Rc1+ Kb7 54. Rb1 Ka7 55. Ra1+ Kb7 56. Rb1 Ka6 57. Ra1+ Kb5 58. Rb1+ Kc6 59. Rc1+ Nc4 60. Kd4 Rb3 61. Be1 Rb6 62. g4 Rb8 63. f5 gxf5 64. gxf5 Bd5 65. Bh4 e5+ 66. fxe6 fxe6 67. Ra1 e5+ 68. Kd3 Rb3+ 69. Kc2 Rh3 70. Ra6+ Kc5 71. Bf2+ Kb5 72. Ra7 Rh2 73. Kb3 Rxf2 74. Kc3 Rf3+ 75. Kc2 Rh3 76. Ra1 Rxh6 77. Kc3 Rh3+ 78. Kc2 Kc5 79. Ra7 Kd4 80. Kc1 Kc3 81. Kb1 Rh1+ 82. Ka2 Nb6+ 83. Ka3 Ra1# 0-1

[Event "Titled Tuesday intern op 26th Nov Late"]
[Site "Chess.com INT"]
[Date "2024.11.26"]
[Round "1"]
[White "Manteiga, Franco"]
[Black "Uzunoglu, Efe Kerem"]
[Result "0-1"]
[WhiteElo "2013"]
[BlackElo "2049"]
[PlyCount "95"]
[EventDate "2024.11.26"]
[EventType "swiss (blitz)"]
[EventRounds "11"]
[EventCountry "USA"]
[SourceTitle "CB49_2024"]
[SourceDate "2024.12.04"]
[SourceVersion "1"]
[SourceVersionDate "2024.12.04"]
[SourceQuality "1"]

1. d4 Nf6 2. c4 g6 3. Nc3 Bg7 4. e4 d6 5. Nf3 Bg4 6. Be3 0-0 7. h3 Bxf3 8. Qxf3 Nc6 9. d5 Nb8 10. Qd1 c6 11. Be2 Nbd7 12. 0-0 cxd5 13. cxd5 a5 14. Rc1 Rc8 15. Qd2 Nc5 16. f3 Re8 17. Bb5 Nfd7 18. Ne2 a4 19. Bxc5 dxc5 20. Bxa4 Rf8 21. Bxd7 Qxd7 22. Rc2 Qa4 23. b3 Qa7 24. Kh1 b6 25. Rfc1 Rfd8 26. b4 Ra8 27. bxc5 bxc5 28. Rxc5 Be5 29. R5c2 Qf2 30. Qe1 Qe3 31. Qd2 Qf2 32. Qe1 Qb6 33. Qg1 Qf6 34. Qf2 Ra4 35. f4 Rxe4 36. Rf1 Bd6 37. Rc6 Ra8 38. g3 Rxa2 39. Rc8+ Kg7 40. Re1 Qf5 41. Qg2 Bb4 42. g4 Qxc8 43. Qxe4 Bxe1 44. Qe5+ Kg8 45. Nd4 Bc3 46. Qe4 Bxd4 47. Qxd4 Qc1+ 48. Qg1 0-1

[Event "Titled Tuesday intern op 24th Sep Early"]
[Site "Chess.com INT"]
[Date "2024.09.24"]
[Round "9"]
[White "Manteiga, Franco"]
[Black "Siskou, Evangelia"]
[Result "0-1"]
[WhiteElo "2006"]
[BlackElo "1880"]
[PlyCount "80"]
[EventDate "2024.09.24"]
[EventType "swiss (blitz)"]
[EventRounds "11"]
[EventCountry "USA"]
[SourceTitle "EXT 2025"]
[Source "ChessBase"]
[SourceDate "2024.10.14"]
[SourceVersion "1"]
[SourceVersionDate "2024.10.14"]
[SourceQuality "1"]

1. c3 Nf6 2. d4 d5 3. Bf4 e6 4. e3 c5 5. Nd2 Nc6 6. Bd3 Bd6 7. Bxd6 Qxd6 8. f4 cxd4 9. cxd4 0-0 10. Ngf3 Nb4 11. Bb1 b6 12. a3 Nc6 13. Bd3 Bb7 14. 0-0 h6 15. Ne5 Ne7 16. g4 Ne4 17. Bxe4 dxe4 18. Ndc4 Qd8 19. g5 hxg5 20. fxg5 Nf5 21. Qh5 b5 22. g6 fxg6 23. Qxg6 Qf6 24. Nd2 Qxg6+ 25. Nxg6 Rf6 26. Ne5 Nxe3 27. Rxf6 gxf6 28. Nd7 Bc6 29. Nxf6+ Kf7 30. Nfxe4 Rg8+ 31. Kf2 Ng4+ 32. Ke2 Nxh2 33. Kd3 Bxe4+ 34. Nxe4 Ke7 35. Nc5 Rg3+ 36. Kc2 Rg2+ 37. Kb3 Nf3 38. Kb4 Nxd4 39. Ka5 Rxb2 40. Rh1 Nc6+ 0-1

[Event "Titled Tuesday intern op 24th Sep Early"]
[Site "Chess.com INT"]
[Date "2024.09.24"]
[Round "1"]
[White "Manteiga, Franco"]
[Black "Suleimen, Ergali"]
[Result "0-1"]
[WhiteElo "2006"]
[BlackElo "2333"]
[PlyCount "98"]
[EventDate "2024.09.24"]
[EventType "swiss (blitz)"]
[EventRounds "11"]
[EventCountry "USA"]
[SourceTitle "EXT 2025"]
[Source "ChessBase"]
[SourceDate "2024.10.14"]
[SourceVersion "1"]
[SourceVersionDate "2024.10.14"]
[SourceQuality "1"]

1. d4 Nf6 2. c4 g6 3. Nc3 d5 4. cxd5 Nxd5 5. Bd2 Bg7 6. e4 Nb6 7. Be3 0-0 8. Nf3 Bg4 9. Be2 Bxf3 10. gxf3 e6 11. Qd2 Nc6 12. Rd1 f5 13. e5 Nb4 14. h4 N4d5 15. Nxd5 Nxd5 16. Bg5 Qe8 17. h5 a5 18. hxg6 hxg6 19. Bh6 f4 20. Bxg7 Kxg7 21. Qd3 Rh8 22. Kd2 Qa4 23. Qc2 Qxd4+ 24. Qd3 Qxe5 25. Rdg1 Qxb2+ 26. Qc2 Qxc2+ 27. Kxc2 Kf6 28. a3 g5 29. Bd3 Ne7 30. Be4 c6 31. Kb3 Nf5 32. Bxf5 exf5 33. Kc4 b6 34. Rd1 Rxh1 35. Rxh1 g4 36. Rh6+ Kg5 37. Rxc6 g3 38. fxg3 fxg3 39. Rc7 Rg8 40. Rd7 g2 41. Rd1 Kf4 42. Rg1 Kxf3 43. Kb5 Kf2 44. Rc1 g1Q 45. Rxg1 Kxg1 46. Kxb6 f4 47. Kxa5 f3 48. Kb6 f2 49. a4 f1Q 0-1

[Event "Titled Tuesday intern op 24th Sep Early"]
[Site "Chess.com INT"]
[Date "2024.09.24"]
[Round "2"]
[White "Mizzi, Jack"]
[Black "Manteiga, Franco"]
[Result "1-0"]
[WhiteElo "2053"]
[BlackElo "2006"]
[PlyCount "59"]
[EventDate "2024.09.24"]
[EventType "swiss (blitz)"]
[EventRounds "11"]
[EventCountry "USA"]
[SourceTitle "EXT 2025"]
[Source "ChessBase"]
[SourceDate "2024.10.14"]
[SourceVersion "1"]
[SourceVersionDate "2024.10.14"]
[SourceQuality "1"]

1. d4 Nf6 2. c4 e6 3. g3 Bb4+ 4. Nd2 Qe7 5. Bg2 d5 6. Ngf3 0-0 7. 0-0 dxc4 8. Nxc4 Nc6 9. Re1 Rd8 10. Bd2 Nxd4 11. Nxd4 Bxd2 12. Qxd2 c5 13. Nc6 bxc6 14. Qa5 Bd7 15. Ne5 Nd5 16. Rac1 f6 17. Nd3 Rdb8 18. Nxc5 Rb5 19. Qa3 Rab8 20. Qxa7 Bc8 21. Qxe7 Nxe7 22. b3 Kf7 23. Red1 Nd5 24. Ne4 Ke7 25. Rxc6 Bb7 26. Rcc1 Nb4 27. Nd6 Bxg2 28. Rc7+ Kf8 29. Nxb5 Be4 30. Nd4 1-0

[Event "Titled Tuesday intern op 24th Sep Early"]
[Site "Chess.com INT"]
[Date "2024.09.24"]
[Round "5"]
[White "Mompel Ferruz, Xavier"]
[Black "Manteiga, Franco"]
[Result "1-0"]
[WhiteElo "2273"]
[BlackElo "2006"]
[PlyCount "29"]
[EventDate "2024.09.24"]
[EventType "swiss (blitz)"]
[EventRounds "11"]
[EventCountry "USA"]
[SourceTitle "EXT 2025"]
[Source "ChessBase"]
[SourceDate "2024.10.14"]
[SourceVersion "1"]
[SourceVersionDate "2024.10.14"]
[SourceQuality "1"]

1. e4 c5 2. Nf3 e6 3. d4 cxd4 4. Nxd4 Nc6 5. Nc3 Qc7 6. Be2 Nf6 7. Ndb5 Qb8 8. f4 a6 9. e5 Ng8 10. Nd4 Qc7 11. Be3 Nge7 12. Ndb5 axb5 13. Nxb5 Qb8 14. Nd6+ Kd8 15. Bb6+ 1-0

[Event "Titled Tuesday intern op 24th Sep Early"]
[Site "Chess.com INT"]
[Date "2024.09.24"]
[Round "11"]
[White "Winkels, Marcel"]
[Black "Manteiga, Franco"]
[Result "1-0"]
[WhiteElo "1924"]
[BlackElo "2006"]
[PlyCount "65"]
[EventDate "2024.09.24"]
[EventType "swiss (blitz)"]
[EventRounds "11"]
[EventCountry "USA"]
[SourceTitle "EXT 2025"]
[Source "ChessBase"]
[SourceDate "2024.10.14"]
[SourceVersion "1"]
[SourceVersionDate "2024.10.14"]
[SourceQuality "1"]

1. e4 c5 2. Nf3 Nc6 3. d4 cxd4 4. Nxd4 Nf6 5. Nc3 e5 6. Ndb5 d6 7. Bg5 a6 8. Na3 b5 9. Bxf6 gxf6 10. Nd5 Bg7 11. c3 f5 12. exf5 Bxf5 13. Nc2 0-0 14. Nce3 Be6 15. Bd3 f5 16. Qh5 e4 17. Bc2 Ne5 18. Rd1 Ra7 19. g4 Nf3+ 20. Ke2 Bxd5 21. Rxd5 Raf7 22. Nxf5 Qc8 23. Bxe4 Qc4+ 24. Kxf3 Re8 25. Re1 b4 26. Rxd6 bxc3 27. bxc3 Qxc3+ 28. Rd3 Qc4 29. Rde3 Ref8 30. Kg2 Qxa2 31. Nd6 Qxf2+ 32. Kh1 Rf6 33. Qxh7# 1-0